000 00648nam a2200205Ia 4500
003 GCL
008 140319s9999 xx 000 0 ara d
040 _aGCL /
_cGCL
082 0 4 _a811.082
_bا و
100 1 _aاحمد عبدالمعطى حجازى
245 1 0 _aوداعا عبدالناصر:مجموعة شعرية?(هدية من الاديب عبدالفتاح الجمل) /
_cاحمد عبدالمعطى حجازى
700 1 _aصلاح عبدالصبور
300 _a145 ص
490 _a
650 0 4 _aالادب العربى
650 0 4 _aالادب
650 0 4 _aالشعر
650 0 4 _aالمجموعات
942 _2ddc
_cBK
999 _c40367
_d40367